| 000 | 00428 a2200181 4500 | ||
|---|---|---|---|
| 001 | 129799 | ||
| 022 | _a1679-656X | ||
| 040 | _cLeonardo Da Vinci | ||
| 041 | _aPortuguês | ||
| 082 | _aAN | ||
| 245 | _aAnais 1 | ||
| 260 |
_bCIP _c1991 _aSão Paulo |
||
| 300 | _a113 | ||
| 362 | _a20100112 | ||
| 490 |
_aAnais _v1 |
||
| 697 |
_aSaúde _aCiências Sociais em Saúde Pública _aDoenças Transmissíveis _aGhemat |
||
| 942 | _cCR | ||
| 999 |
_c129799 _d129799 |
||